00489cam a22001817a 4500003000500000005001700005008004100022010001000063011001000073035001000083040000900093082001600102100002900118245009200147260003300239300001500272650002000287CHAP20220329141407.0971013s1968 r 00010 d a67438 a68410 a77882 cCHAP a634.775bE800aEspinoza Ochoa, Rogelio.13aEl cultivo del nopal en el Valle del mezquitalb: información fotográfica a colores a[México] :bSAG,c[1968?-] ac.a. 85 h.14aNopalxHidalgo.